Bazán de Mendoza : (Registro nro. 193480)

Detalles MARC
000 -LEADER
campo de control de longitud fija 01375nam a2200373 i 4500
001 - NÚMERO DE CONTROL
campo de control 193480
003 - IDENTIFICADOR DE NÚMERO DE CONTROL
campo de control SpMaBN
005 - FECHA Y HORA DE LA ÚLTIMA TRANSACCIÓN
campo de control 20260209163308.0
007 - CAMPO FIJO DE DESCRIPCIÓN FÍSICA--INFORMACIÓN GENERAL
campo de control de longitud fija ta
008 - DATOS DE LONGITUD FIJA--INFORMACIÓN GENERAL
campo de control de longitud fija 240102s2014 sp | |||| 000 0 spa
017 ## - NÚMERO DE COPYRIGHT O DE DEPÓSITO LEGAL
Número de copyright o de depósito legal PO 742-2014
Agencia que asigna Oficina Depósito Legal Pontevedra
035 ## - NÚMERO DE CONTROL DEL SISTEMA
Número de control de sistema (OCoLC)913145110
035 ## - NÚMERO DE CONTROL DEL SISTEMA
Número de control de sistema a5653490
040 ## - FUENTE DE CATALOGACIÓN
Centro catalogador/agencia de origen SpMaBN
Lengua de catalogación spa
Centro/agencia transcriptor SpMaBN
Normas de descripción rdc
Centro/agencia modificador ES-MaACL
080 ## - NÚMERO DE LA CLASIFICACIÓN DECIMAL UNIVERSAL
Número de la Clasificación Decimal Universal 929 Bazán de Mendoza, Pedro
080 ## - NÚMERO DE LA CLASIFICACIÓN DECIMAL UNIVERSAL
Número de la Clasificación Decimal Universal 930.85(460.11)"18"
080 ## - NÚMERO DE LA CLASIFICACIÓN DECIMAL UNIVERSAL
Número de la Clasificación Decimal Universal 94(460)"1808/14"
100 ## - ENTRADA PRINCIPAL--NOMBRE DE PERSONA
Nombre de persona Viana Martínez, Víctor
Número de control del registro de autoridad o número normalizado XX1073190
9 (RLIN) 234771
245 10 - MENCIÓN DEL TÍTULO
Título Bazán de Mendoza :
Resto del título un afrancesado gallego /
Mención de responsabilidad, etc. [Víctor Viana].
260 ## - PUBLICACIÓN, DISTRIBUCIÓN, ETC.
Lugar de publicación, distribución, etc. [S.l.] :
Nombre del editor, distribuidor, etc. V. Viana,
Fecha de publicación, distribución, etc. 2014
Fabricante (Imp. Fidalgo)
300 ## - DESCRIPCIÓN FÍSICA
Extensión 223 p. ;
Dimensiones 24 cm
336 ## - TIPO DE CONTENIDO
Término de tipo de contenido Texto (visual)
Fuente isbdcontent
337 ## - TIPO DE MEDIO
Nombre/término del tipo de medio sin mediación
Fuente isbdmedia
338 ## - TIPO DE SOPORTE
Fuente rdacarrier
Nombre/término del tipo de soporte volumen
504 ## - NOTA DE BIBLIOGRAFÍA, ETC.
Nota de bibliografía, etc. Bibliografía: p. 205-223
600 #0 - PUNTO DE ACCESO ADICIONAL DE MATERIA--NOMBRE DE PERSONA
Nombre de persona Bazán de Mendoza, Pedro,
Fechas asociadas al nombre 1758-1835
9 (RLIN) 234772
650 #0 - PUNTO DE ACCESO ADICIONAL DE MATERIA--TÉRMINO DE MATERIA
Término de materia o nombre geográfico como elemento de entrada Afrancesados-
Subdivisión geográfica Galicia
9 (RLIN) 234773
651 #4 - PUNTO DE ACCESO ADICIONAL DE MATERIA--NOMBRE GEOGRÁFICO
Nombre geográfico España-
Subdivisión general Historia-
Subdivisión cronológica 1808-1814, Guerra de la Independencia
9 (RLIN) 8244
852 ## - LOCALIZACIÓN
Ubicación ES-MaACL
Sublocalización o colección R.154896
Ubicación en estantería Depósito J
itemnumber 200958
Número de control de estantería N-9652
Donativo/Legado Donación: editorial
Encuadernación Encuadernación rústica
942 ## - ELEMENTOS DE ENTRADA SECUNDARIOS (KOHA)
Suprimir en OPAC No
Tipo de ítem Koha Libro impreso
Existencias
Estatus retirado Estado de pérdida Fuente del sistema de clasificación o colocación Estado de daño No para préstamo Biblioteca de origen Biblioteca actual Ubicación en estantería Fecha de adquisición Fuente de adquisición Total de préstamos Signatura topográfica completa Código de barras Visto por última vez Precio de reemplazo Tipo de ítem Koha
    Clasificación decimal universal     Biblioteca del Ateneo de Madrid Biblioteca del Ateneo de Madrid Depósito J 04/12/2023 Donación   N-9652 101206238 02/01/2024 02/01/2024 Libro impreso